000 00445nam a22001575i 4500
001 53107
003 ES-MaACL
007 t|
008 960201s1887 fr ||||1| lat d
040 _aCAM
_bspa
_cCCPB | SIC
100 1 _aDu Boisgobey, Fortuné.
_945695
245 1 0 _aJean coupe-en-deux /
_cpar Fortuné du Boisgobey.
260 _aParis :
_bE. Dentú,
_c1887 (
_fImp. F. Aureau)
300 _a359 p. ;
_c18 cm.
852 _aES-MaACL
_jG-10712
999 _c53107
_d53107